[Event "NOR-chT Clubs"]
[Site "Drammen"]
[Date "2022.05.26"]
[Round "5"]
[White "Tevasvoll, Svein"]
[Black "Prestholm, Trym"]
[Result "1/2-1/2"]
[WhiteElo "1336"]
[BlackElo "1208"]
[PlyCount "97"]
[EventDate "2022.05.26"]
[EventType "team-swiss"]
[EventRounds "6"]
[EventCountry "NOR"]
[SourceTitle "EXT 2024"]
[Source "ChessBase"]
[SourceDate "2023.10.10"]
[SourceVersion "1"]
[SourceVersionDate "2023.10.10"]
[SourceQuality "1"]
[WhiteTeam "Kirkegata"]
[BlackTeam "Sorte Bonder"]
[WhiteTeamCountry "NOR"]
[BlackTeamCountry "NOR"]

1. c4 Nf6 2. Nc3 d5 3. e3 e6 4. b3 c6 5. Nf3 Nbd7 6. d4 Be7 7. Be2 0-0 8. 0-0 a6 9. Bb2 dxc4 10. bxc4 b5 11. cxb5 cxb5 12. Qc2 Bb7 13. Nd2 Rc8 14. Qb1 e5 15. Bf3 Bxf3 16. Nxf3 exd4 17. Nxd4 Rc5 18. Nce2 Qc7 19. Rc1 Rxc1+ 20. Qxc1 Rc8 21. Qxc7 Rxc7 22. Rc1 Rxc1+ 23. Nxc1 Nb6 24. Nc6 Kf8 25. Nd3 Nc4 26. Bd4 Ke8 27. f3 a5 28. e4 Kd7 29. Nce5+ Nxe5 30. Nxe5+ Ke6 31. Nd3 g6 32. g4 Nd7 33. Kf2 Bd8 34. Ke2 Bb6 35. Bb2 Nc5 36. Nf4+ Kd6 37. Nd5 Bd8 38. h3 b4 39. Ne3 Kc6 40. Nc4 Bc7 41. Ne3 Kb5 42. Nd5 Bd8 43. Kd2 a4 44. Kc2 Bb6 45. Bg7 Bd8 46. Ne3 Be7 47. Nd5 Bd8 48. Ne3 Be7 49. Nd5 1/2-1/2

[Event "NOR-chT Club"]
[Site "Drammen"]
[Date "2019.05.30"]
[Round "5"]
[White "Unneland, Arne"]
[Black "Tevasvoll, Svein"]
[Result "1-0"]
[WhiteElo "1658"]
[BlackElo "1394"]
[PlyCount "71"]
[EventDate "2019.05.30"]
[EventType "team-swiss"]
[EventRounds "6"]
[EventCountry "NOR"]
[SourceTitle "CBM 190 Extra"]
[Source "ChessBase"]
[SourceDate "2019.07.15"]
[SourceVersion "1"]
[SourceVersionDate "2019.07.15"]
[SourceQuality "1"]
[WhiteTeam "Aalesunds"]
[BlackTeam "Kirkegata"]
[WhiteTeamCountry "NOR"]
[BlackTeamCountry "NOR"]

1. e4 e5 2. f4 exf4 3. Nf3 d6 4. Bc4 Bg4 5. 0-0 Nc6 6. d4 Be7 7. Bxf4 Nf6 8. Nc3 0-0 9. h3 Bxf3 10. gxf3 Nh5 11. Ne2 Nxf4 12. Nxf4 Bh4 13. Ng2 Qg5 14. f4 Qg6 15. f5 Qh6 16. Qg4 Bd8 17. c3 Qg5 18. Qe2 a6 19. Rf4 h5 20. Rh4 Qg3 21. Rxh5 Na5 22. Rf1 d5 23. e5 Nxc4 24. Rf3 Qxf3 25. Qxf3 Nd2 26. Qf4 Ne4 27. f6 Nxf6 28. exf6 Bxf6 29. Qxc7 b5 30. Rxd5 Rfe8 31. Kf2 Re6 32. Rf5 Rae8 33. d5 Re2+ 34. Kf3 Be5 35. Qxf7+ Kh7 36. Rh5# 1-0

[Event "NOR-chT Clubs"]
[Site "Drammen"]
[Date "2010.10.10"]
[Round "5"]
[White "Bratsberg, Lars Ivar"]
[Black "Tevasvoll, Svein"]
[Result "1/2-1/2"]
[WhiteElo "1152"]
[BlackElo "1276"]
[PlyCount "50"]
[EventDate "2010.10.08"]
[EventType "team"]
[EventRounds "6"]
[EventCountry "NOR"]
[SourceTitle "EXT 2015"]
[Source "ChessBase"]
[SourceDate "2014.11.20"]
[SourceVersion "1"]
[SourceVersionDate "2014.11.20"]
[SourceQuality "1"]
[WhiteTeam "Kristiansand"]
[BlackTeam "Kirkegata"]
[WhiteTeamCountry "NOR"]
[BlackTeamCountry "NOR"]

1. e4 e5 2. Nf3 Nc6 3. d4 exd4 4. Bc4 h6 5. 0-0 d6 6. Bd5 Bg4 7. Qd3 Bxf3 8. Qxf3 Qf6 9. Qxf6 Nxf6 10. Bxc6+ bxc6 11. b3 Nd7 12. Bb2 c5 13. Na3 a6 14. Nc4 Ne5 15. Na5 Be7 16. f4 Nd7 17. Nc6 Nb8 18. Nxe7 Kxe7 19. c3 Nc6 20. cxd4 Nxd4 21. Rad1 f6 22. Bxd4 cxd4 23. Rxd4 c5 24. Rd5 Rhd8 25. Rfd1 g6 1/2-1/2